000 00317 a2200157 4500
001 177295
020 _a
040 _cMagnum
100 _aCotta, Luiza Clotilde Sarmento
240 1 0 _aVoce ai
_lpor
245 1 0 _aVoce ai
362 0 _a1899
440 1 _aMiguilim
697 _aMAGNITO: IJ/POESIA
942 _cBK
999 _c177295
_d177295